| 000 | 00543nam a22002177a 4500 | ||
|---|---|---|---|
| 003 | OSt | ||
| 005 | 20140310183122.0 | ||
| 008 | 121123t xxu||||| |||| 00| 0 eng d | ||
| 020 | _a9715060854 | ||
| 050 |
_aPN 6014 _b.G216 1990 |
||
| 082 |
_2FIL 808.8 _bG16 1990 |
||
| 245 |
_aHiglights of World Literature _cGarcia, Carolina |
||
| 260 |
_aManila _bUST Publishing House _cc1990 |
||
| 300 | _g23cm. | ||
| 521 | _agrade 9 | ||
| 526 | _c960L-1110L | ||
| 541 | _j1 | ||
| 541 | _j1 | ||
| 562 | _e2 | ||
| 942 |
_2lcc _cBK _kFIL |
||
| 999 |
_c18949 _d18949 |
||